000 01370nam a2200337 i 4500
001 bg
003 KOSZ 005
005 20200514125828.0
008 080609s1961 pl a g 000 0 polo
015 _aPB 1961/6744
040 _aWA N
_cKOSZ 005/RW
_dKOSZ 005/RW
041 1 _apol
_hrus
_hgrc
_hlat
080 _a14+92
100 1 _aAsmus, Valentin Ferdinandovič
_d(1894-1975).
245 1 0 _aDemokryt /
_cW. F. Asmus ; [tł. Bogdan Kupis]. Wybór fragmentów Demokryta i świadectw starożytnych o Demokrycie / [wyboru dokonał oraz z grec. i łac. przeł. B. Kupis].
246 1 _iTyt. oryg.:
_aDemokrit.
260 _aWarszawa :
_b"Książka i Wiedza",
_c1961.
300 _a146, [2] s. :
_bil. ;
_c20 cm.
380 _aKsiążki.
500 _aTzw. Seria Myśliciela.
600 0 4 _aDemokritos
_d(ca 460-ca 370 a.C.)
648 4 _a500-401 p.n.e.
648 4 _a400-301 p.n.e.
650 4 _aFilozofia
_xhistoria
_zGrecja
_y5-4 w. p.n.e.
740 0 2 _aWybór fragmentów Demokryta i świadectw starożytnych o Demokrycie.
710 2 _aSpółdzielnia Wydawniczo-Handlowa "Książka i Wiedza"
_4pbl.
700 1 _aKupis, Bogdan
_eTłumaczenie
830 0 _aMyśliciel.
856 _uhttp://koha.tu.koszalin.pl/cgi-bin/koha/opac-detail.pl?biblionumber=11597
_yKatalog online BPK
942 _2UKD
_cKS
999 _c11597
_d11597